Rappeurs à 3 lettres par images - Statistiques

Statistiques générales
  • Ce quiz a été pris 387 fois
    343 depuis la dernière actualisation
  • Le résultat moyen est 12 sur 22
Statistiques - réponses
Par images Réponse % Correct
JUL
100%
SCH
100%
PNL
99%
PLK
96%
OLI
88%
SEB
87%
MHD
85%
SDM
73%
NTM
69%
IAM
68%
ZKR
58%
NOS
53%
ISK
34%
UZI
33%
ZED
28%
L2B
26%
DTF
23%
DAU
21%
TIF
19%
KIK
18%
GLK
14%
NES
13%
Aucun quiz correspondant
Distribution des résultats
% des personnes avec chaque résultat
Percentile par nombre de réponses
Votre historique - résultats
Vous n’avez pas pris ce quiz depuis la dernière actualisation